000
00228nam a2200097Ia 4500
008
190216s9999||||xx |||||||||||||| ||und||
100
_a
Ramkumar Varma
245
0
_a
Hindi-Saras Akanki Nadak
260
_b
Hindi Bhavan
942
_c
BK
999
_c
18332
_d
18332